Plavební právo vnitrozemské: Československý plavební list

Enregistré dans:
Détails bibliographiques
Format: Livre
Langue:tchèque
Publié: Praha Vydavatelství Čas 1934
Tags: Ajouter un tag
Pas de tags, Soyez le premier à ajouter un tag!

MARC

LEADER 00000nam a2200000 4500
001 0267706
005 20240822101709.8
041 0 |a cze 
044 |a CZ 
245 1 0 |a Plavební právo vnitrozemské: Československý plavební list  |c Josef Měřička 
264 1 |a Praha  |b Vydavatelství Čas  |c 1934